LEADER 01261nam a2200241 i 4500 001 000000021242 003 CaOOAMICUS 005 20221228142520.0 008 180830s1986 it u000 u ita u 040 $aSeMil$bita 245 10$aCultura e società nel Settecento. 260 $aFonte Avellana :$b[s.n.],$c1986. 300 $av. ;$c24 cm. 490 1 $aAtti dei convegni del Centro di Studi Avellaniti 710 2 $aCentro di Studi Avellaniti .$0(OLS)http://semarc/name/247 774 0 $tVita religiosa nelle Marche.$kAtti dei convegni del Centro di Studi Avellaniti$g1$w()56784 774 0 $tVita economica nelle Marche.$kAtti dei convegni del Centro di Studi Avellaniti$g2$w()56785 774 0 $tIstruzione e istituzioni culturali nelle Marche.$kAtti dei convegni del Centro di Studi Avellaniti$g3$w()56786 774 0 $tRipercussioni della Rivoluzione Francese in Italia, in particolare nelle Marche.$kAtti dei convegni del Centro di Studi Avellaniti$g4$w()56787 830 0$aAtti dei convegni del Centro di Studi Avellaniti.$0(OLS)http://semarc/title/435 996 $6245$aCultura e società nel Settecento$9(OLS)http://semarc/title/28093 996 $6260$aFonte Avellana :$b[s.n.]$9(OLS)http://semarc/publisher/35484 LEADER 01199nam a2200265 i 4500 001 000000058927 003 CaOOAMICUS 005 20130308000000.0 008 130308s2011 it u000 u ita u 013 $a30099 020 $a978-88-215-7010-0 040 $aSeMil$bita 245 12$aL'analisi retorica delle lettere paoline :$bun introduzione /$cFrancesco Bianchini. 260 $aCinisello Balsamo :$bSan Paolo,$c2011. 300 $a78 p. ;$c21 cm. 490 0 $aLa tua parola mi fa vivere : comprendere la Bibbia : strumenti di base ;$v107 650 4$aBibbia - NT - Lettere di Paolo.$0(OLS)http://semarc/subject/4860 700 1 $aBianchini, Francesco,$d<1972- >.$0(OLS)http://semarc/name/30062 830 3$aLa tua parola mi fa vivere ;$v107.$0(OLS)http://semarc/title/38225 850 $aSeMil 852 $aSeMil$W1$xVenegono$y1$m2W II 51$j25080$B25080$CSeMilBibl$Z2$F25083 $81 961 $aAcquisto: LI.CO.SA 996 $6020$a978-88-215-7010-0$9(OLS)http://semarc/number/34682 996 $6245$aL'analisi retorica delle lettere paoline :$bun introduzione$9(OLS)http://semarc/title/91962 996 $6260$aCinisello Balsamo :$bSan Paolo$9(OLS)http://semarc/publisher/30129